| 000 | 00582nam a22002177a 4500 | ||
|---|---|---|---|
| 003 | OSt | ||
| 005 | 20140310182834.0 | ||
| 008 | 130604t xxu||||| |||| 00| 0 eng d | ||
| 020 | _a9780749456658 | ||
| 050 |
_aHF 5719 _b.F735 2010 |
||
| 082 |
_aM 808.06665 _bF67 2010 |
||
| 245 |
_aHow to write reports and proposals / _cForsyth, Patrick |
||
| 250 | _arev 2nd ed. | ||
| 260 |
_aLondon : _bKoganpage, _c2010. |
||
| 300 |
_ax, 131 p. : _bill. ; _c22 cm. |
||
| 521 | _acollege students | ||
| 526 | _c1210L-1700L | ||
| 541 | _j1 | ||
| 562 | _e1 | ||
| 942 |
_2lcc _cBK _kM |
||
| 999 |
_c16698 _d16698 |
||